Deadliest Battles in History - Statistics

General Stats
  • This quiz has been taken 50 times
  • The average score is 6 of 20
Answer Stats
Hint Answer % Correct
Battle of the Somme World War I
100%
Battle of Huế Vietnam War
57%
Battle of Antietam American Civil War
52%
Battle of Waterloo Napoleonic Wars
50%
Battle of Stalingrad World War II (European Theater)
46%
Battle for Okinawa World War II (Pacific Theater)
46%
Battle of Crécy Hundred Years War
41%
Battle of Hastings Norman Conquest
41%
Battle of Cannae Punic Wars
41%
Battle of the Pusan Perimeter Korean War
37%
Battle of Balaclava Crimean War
35%
Battle of Bakhmut Russo-Ukrainian War
22%
Battle of Camden American Revolution
15%
Siege of Tripoli Crusades
9%
Battle of Norfolk Gulf War
9%
Third Battle of Nanjing Taiping Rebellion
9%
Battle of Celaya Mexican War of Independence
4%
Battle of Plataea Greco-Persian Wars
2%
Battle of Onitsha Nigerian Civil War
0%
Battle of Tuyuti Paraguayan War
0%
No matching quizzes found
Score Distribution
Percent of People with Each Score
Percentile by Number Answered
Your Score History
You have not taken this quiz